Countries of North and South America by Flag and First Letter - Statistics

General Stats
  • This quiz has been taken 2,256 times
  • The average score is 19 of 35
Answer Stats
Picture Answer % Correct
Mexico
64%
United States
64%
Brazil
63%
Argentina
62%
Canada
62%
Chile
62%
Jamaica
62%
Barbados
60%
Panama
60%
Cuba
59%
Peru
59%
Uruguay
59%
Venezuela
59%
Colombia
58%
Dominican Republic
56%
Ecuador
56%
Haiti
55%
Trinidad & Tobago
55%
Bahamas
54%
Costa Rica
54%
Guyana
54%
Honduras
54%
St. Lucia
54%
Antigua and Barbuda
53%
Belize
53%
St. Vincent and the Grenadines
53%
Suriname
53%
Bolivia
51%
Paraguay
51%
Dominica
50%
Guatemala
50%
Grenada
49%
St. Kitts and Nevis
48%
Nicaragua
47%
El Salvador
44%
No matching quizzes found
Score Distribution
Percent of People with Each Score
Percentile by Number Answered
Your Score History
You have not taken this quiz